000 00341nam a22001337a 4500
008 230602b xxu||||| |||| 00| 0 eng d
020 _a9966967265
082 _a920.92
_bMUT
100 _cMuthoni Kimani
_d2005
245 _aFighiting Without Ceasing
260 _aNairobi
_bNoni's Publicity
300 _axviii,339
_ePictorials
942 _2ddc
_cBK
999 _c40
_d40